书目信息 |
| 题名: |
半小时漫画中国史
|
|
| 作者: | ;陈磊·半小时漫画团队 著 | |
| 分册: | 秦汉三国 | |
| 出版信息: | 海口 海南出版社 2025.03 |
|
| 页数: | 227页 | |
| 开本: | 21cm | |
| 丛书名: | 半小时漫画文库 | |
| 单 册: | ||
| 中图分类: | K209-49 | |
| 科图分类: | ||
| 主题词: | 中国历史--通俗读物 | |
| 电子资源: | ||
| ISBN: | 978-7-5730-2406-0 | |
| 000 | 00982oam2 2200265 450 | |
| 001 | 013141909 | |
| 005 | 20251022201638.10 | |
| 010 | @a978-7-5730-2406-0@dCNY49.90 | |
| 100 | @a20250414d2025 demy0chiy0120 ea | |
| 101 | 0 | @achi |
| 102 | @aCN@b460000 | |
| 105 | @aa z 000yy | |
| 106 | @ar | |
| 200 | 1 | @a半小时漫画中国史@9ban xiao shi man hua zhong guo shi@i秦汉三国@f陈磊·半小时漫画团队著 |
| 210 | @a海口@c海南出版社@d2025.03 | |
| 215 | @a227页@d21cm | |
| 225 | 1 | @a半小时漫画文库@v58 |
| 300 | @a读客 混知漫画 | |
| 330 | @a本套丛书用漫画解读历史,通过手绘和短息,捋出历史大脉络,帮助读者掀开纷繁复杂的历史表象,找出历史关键节点的重要人物和事件,让读者不知不觉间理解了精彩中国史。本册是第二册,秦汉三国卷。 | |
| 461 | 0 | @12001 @a半小时漫画文库 |
| 606 | 0 | @a中国历史@j通俗读物 |
| 690 | @aK209-49@v5 | |
| 711 | 02 | @a陈磊·半小时漫画团队@9chen lei·ban xiao shi man hua tuan dui@4著 |
| 801 | 0 | @aCN@c20250909 |
| 905 | @a河南城建学院图书馆@dK209@eC490-2:2@ZC490-2:2@f1 | |
| 半小时漫画中国史.秦汉三国/陈磊·半小时漫画团队著.-海口:海南出版社,2025.03 |
| 227页;21cm.-(半小时漫画文库;58) |
| 读客 混知漫画 |
| ISBN 978-7-5730-2406-0:CNY49.90 |
| 本套丛书用漫画解读历史,通过手绘和短息,捋出历史大脉络,帮助读者掀开纷繁复杂的历史表象,找出历史关键节点的重要人物和事件,让读者不知不觉间理解了精彩中国史。本册是第二册,秦汉三国卷。 |
| ● |
| 相关链接 |
|
|
|
正题名:半小时漫画中国史
索取号:K209/C490-2:2
 
预约/预借
| 序号 | 登录号 | 条形码 | 馆藏地/架位号 | 状态 | 备注 |
| 1 | 1631966 | 216319669 | 社科库309/309社科库 31排3列4层/ [索取号:K209/C490-2:2] |
已借出,限还日期为2026.10.21 借出人:张培 |